Prezentačné technológie vo vyučovaní odborných predmetov : Diplomová práca

Enregistré dans:
Détails bibliographiques
Auteur principal: Forrová, Ľudmila, 1964- (Auteur)
Autres auteurs: Tóblová, Eva, 1978- (Directeur de thèse)
Format: Manuscrit Livre
Langue:slovaque
Publié: Trnava : STU v Bratislave MTF UIPH, 2011
Sujets:
Accès en ligne:VAIS
Tags: Ajouter un tag
Pas de tags, Soyez le premier à ajouter un tag!

MARC

LEADER 00000ntm a22000003a 4500
001 stu227659
005 20160719160613.0
008 110621s2011----xo------------------slo-d
040 |a STU  |b slo 
041 0 |a slo 
044 |a xo 
100 1 |a Forrová, Ľudmila,  |d 1964-  |4 aut  |X 67271  |7 A000067271 
242 0 0 |a The presentation Technologies in the teaching of technical  |y eng 
245 1 |a Prezentačné technológie vo vyučovaní odborných predmetov :  |b Diplomová práca 
260 |a Trnava :  |b STU v Bratislave MTF UIPH,  |c 2011 
300 |a 77 s., CD-ROM 
650 7 |a Adobe Photoshop  |2 stusub 
650 7 |a multimedia  |2 stusub 
650 7 |a Flash MX  |2 estusub 
650 7 |a Adobe Photoshop  |2 stusub 
650 7 |a Flash MX  |2 estusub 
650 7 |a učiteľstvo technických profesijných predmetov  |2 stusub 
650 7 |a Teaching Specific Engineering Subjects  |2 estusub 
700 1 |a Tóblová, Eva,  |d 1978-  |4 ths  |u M220  |U MTF Ústav inžinierskej pedagogiky a humatitných vied  |T MTF Katedra inžinierskej pedagogiky a psychológie  |X 3820  |U M220  |Y M220  |7 A000003820 
856 4 |a info a plný text  |u http://is.stuba.sk/zp/portal_zp.pl?podrobnosti=67930  |3 VAIS 
996 |c M*DP-10208  |l MMSKP  |s P  |a 0  |w stu227659_0001